| 000 | 00541nam a22001697a 4500 | ||
|---|---|---|---|
| 005 | 2012021408108.0 | ||
| 020 |
_a0070586896 _c000.00 |
||
| 035 | _aB-132651 | ||
| 037 |
_aDPL _bENG |
||
| 100 |
_aShema,Mike _942040 |
||
| 245 |
_aAnti Hacker Tool Kit / _cby Mike,Shema |
||
| 250 | _a2 ed. | ||
| 260 |
_aNew Delhi _bTata Mc Graw Hill _c2004 |
||
| 300 |
_aXXVI, 820p.(pbk) _c22 cms. |
||
| 942 |
_2ddc _cEN _h005.8 _mSHE |
||
| 999 |
_c62810 _d62810 |
||